Normal view MARC view
  • Muslim children

Entry Topical Term

Number of records used in: 1

001 - CONTROL NUMBER

  • control field: 2328

003 - CONTROL NUMBER IDENTIFIER

  • control field: OSt

005 - DATE AND TIME OF LATEST TRANSACTION

  • control field: 20170508142230.0

008 - FIXED-LENGTH DATA ELEMENTS

  • fixed length control field: 170508|| aca||aabn | a|a d

040 ## - CATALOGING SOURCE

  • Original cataloging agency: OSt
  • Transcribing agency: OSt

150 ## - HEADING--TOPICAL TERM

  • Topical term or geographic name entry element: Muslim children
  • General subdivision: Religious life

670 ## - SOURCE DATA FOUND

  • Source citation: Work cat.: (OSt)0: Muhammad Thalib 1765, 20 sifat fitrah anak /, 1997
Pusat Sumber Maklumat Dato' Haji Sarmin Md Hussin, Akademi Kastam Diraja Malaysia, Melaka
Tel: 06-2331106 | Faks: 06-2313787